| 000 | 00819na a2200289 4500 | ||
|---|---|---|---|
| 999 |
_c12793 _d12793 |
||
| 001 | 16482 | ||
| 003 | MIRAKIL | ||
| 005 | 20190222175642.0 | ||
| 008 | 161011b tu 000 0 | ||
| 020 | _a9789944557436 | ||
| 040 |
_aMilas _btur _cTR-AnCHP |
||
| 041 | _atur | ||
| 082 |
_a956.214 _bE66m 2011 |
||
| 090 | _a956.214 E66m 2011 | ||
| 100 | _aEroğlu, Zekai | ||
| 245 |
_aMuğla tarihi _cZekai Eroğlu |
||
| 250 | _a3. bs. | ||
| 260 |
_aMuğla _bMuğla Belediyesi Kültür yayınları _c2011 |
||
| 300 |
_a334 s. _bfotg. _c29 sm. |
||
| 440 |
_aMuğla Belediyesi Yayınları _v7 |
||
| 490 |
_aTarih Dizisi _v3 |
||
| 504 | _aDizin var. | ||
| 651 |
_aMuğla _xTarih |
||
| 856 | _zDijital Nüshası için Partimizin Kütüphane Sorumlusu ile iletişime geçiniz. | ||
| 942 |
_2ddc _cBKS |
||
| 999 | _d3684 | ||